[Event "Mechanics' Summer TNM; 30/90, SD/30"]
[Site "San Francisco"]
[Date "2009.05.26"]
[Round "1.11"]
[White "Goins, Demetrius"]
[Black "Lara, Jaime"]
[Result "1-0"]
[WhiteElo "2001"]
[BlackElo "1670"]
[PlyCount "81"]
[EventDate "2009.??.??"]

1. d4 d5 2. c4 e6 3. Nc3 c6 4. Nf3 Nf6 5. Bg5 Be7 6. e3 Nbd7 7. Qc2 dxc4 8.
Bxc4 O-O 9. O-O Re8 10. Rad1 a6 11. e4 h6 12. Bh4 b5 13. Bb3 Bb7 14. Ne5 Nf8
15. f4 Qb6 16. f5 c5 17. fxe6 Nxe6 18. Bxe6 Qxe6 19. Nxf7 cxd4 20. e5 Qxf7 21.
exf6 gxf6 22. Ne4 Rac8 23. Qd3 Qg7 24. Rf3 Kh8 25. Rg3 Bxe4 26. Qxe4 Bd6 27.
Rxg7 Rxe4 28. Bxf6 Be5 29. Rc7+ Bxf6 30. Rxc8+ Kg7 31. Kf2 Re6 32. g3 d3 33.
Rcc1 Rd6 34. b3 b4 35. Rc4 Bc3 36. Ke3 d2 37. a3 a5 38. axb4 axb4 39. Ke4 Kg6
40. h3 h5 41. Rc5 {remainder illegible-W won in 58} 1-0

[Event "Mechanics' Summer TNM; 30/90, SD/30"]
[Site "San Francisco"]
[Date "2009.06.25"]
[Round "5.7"]
[White "Goins, Demetrius"]
[Black "Lum, Michael"]
[Result "1/2-1/2"]
[WhiteElo "2001"]
[BlackElo "1804"]
[PlyCount "67"]
[EventDate "2009.??.??"]

1. d4 Nf6 2. Nf3 e6 3. c4 b6 4. a3 Bb7 5. Nc3 Be7 6. e3 d6 7. Be2 Nbd7 8. Qc2
c5 9. O-O O-O 10. b3 a6 11. Rd1 Qc7 12. Bb2 Rac8 13. Rac1 Rfd8 14. Nd2 cxd4 15.
exd4 d5 16. cxd5 exd5 17. Qf5 Qb8 18. Nf1 g6 19. Qf3 Ne4 20. Qd3 f5 21. f3 Nxc3
22. Rxc3 Rxc3 23. Qxc3 Bd6 24. Bd3 Re8 25. Re1 Nf6 26. Qd2 Rxe1 27. Qxe1 Qe8
28. Qxe8+ Nxe8 29. Bc1 Ng7 30. Ne3 Bf4 31. g3 Bd6 32. Nc2 Ne6 33. Kf2 Kf7 34.
Bd2 1/2-1/2

[Event "Mechanics' Fall TNM; 30/90, SD/30"]
[Site "San Francisco"]
[Date "2009.10.20"]
[Round "1.12"]
[White "Gonda, Thomas"]
[Black "Grey, Peter"]
[Result "0-1"]
[WhiteElo "1618"]
[BlackElo "2007"]
[PlyCount "34"]
[EventDate "2009.??.??"]

1. d4 Nf6 2. c4 g6 3. Nc3 d5 4. cxd5 Nxd5 5. e4 Nxc3 6. bxc3 Bg7 7. Be3 c5 8.
Bc4 Nc6 9. Ne2 O-O 10. O-O Bg4 11. f3 Na5 12. Bxf7+ Rxf7 13. fxg4 Rxf1+ 14.
Qxf1 cxd4 15. Rd1 Qd7 16. Qf3 Rf8 17. Qg3 Qa4 0-1

[Event "Mechanics' Fall TNM; 30/90, SD/30"]
[Site "San Francisco"]
[Date "2009.12.08"]
[Round "8.21"]
[White "Gonda, Thomas"]
[Black "Hilliard, Michael"]
[Result "1-0"]
[WhiteElo "1618"]
[BlackElo "1467"]
[PlyCount "73"]
[EventDate "2009.??.??"]

1. Nf3 d5 2. c4 e6 3. e3 c5 4. cxd5 exd5 5. d4 Nc6 6. Nc3 Nf6 7. Be2 Be7 8. O-O
O-O 9. Ne5 Bf5 10. a3 a6 11. Nxc6 bxc6 12. dxc5 Bxc5 13. Bd3 Qd7 14. Qc2 Bxd3
15. Qxd3 Rfe8 16. Ne2 a5 17. Bd2 Bb6 18. b4 c5 19. bxc5 Bxc5 20. Bc3 a4 21.
Bxf6 gxf6 22. Rfd1 Red8 23. Qc3 Bd6 24. Qxf6 Ra6 25. Qg5+ Kh8 26. Nf4 Rg8 27.
Qxd5 Qg4 28. Qd4+ Rg7 29. g3 Qf5 30. Qd3 Qc8 31. Rac1 Qa8 32. Nh5 Rg6 33. Qc3+
f6 34. Nxf6 Bxa3 35. Nh5+ Kg8 36. Qxa3 Rh6 37. Qe7 1-0

[Event "Mechanics' Fall TNM; 30/90, SD/30"]
[Site "San Francisco"]
[Date "2009.11.17"]
[Round "5.16"]
[White "Gonda, Thomas"]
[Black "Salvo, Tab"]
[Result "1-0"]
[WhiteElo "1618"]
[BlackElo "1769"]
[PlyCount "125"]
[EventDate "2009.??.??"]

1. c4 d6 2. d4 e5 3. dxe5 dxe5 4. Qxd8+ Kxd8 5. Nf3 f6 6. e4 Be6 7. Be3 g5 8.
Nc3 c6 9. O-O-O+ Kc7 10. Bxg5 h6 11. Be3 a5 12. Na4 Nd7 13. Nh4 Ne7 14. Nc5
Nxc5 15. Bxc5 b6 16. Bd6+ Kb7 17. Bxe7 Bxe7 18. Ng6 Rh7 19. Nxe7 Rxe7 20. Be2
a4 21. Kb1 Ra5 22. b4 axb3 23. axb3 Re8 24. Kb2 Rea8 25. Ra1 c5 26. Rhd1 Kc6
27. h3 Re8 28. g4 Rb8 29. Rd3 Rxa1 30. Kxa1 b5 31. Rc3 b4 32. Rf3 Rf8 33. Kb2
Kd6 34. Kc2 Ke7 35. Rd3 Ra8 36. Kb2 Rg8 37. Rd1 Ra8 38. Ra1 Rxa1 39. Kxa1 Kf7
40. h4 Kg6 41. Kb2 Bd7 42. Kc2 Bc6 43. Kd3 Bd7 44. Ke3 Bc6 45. f4 Bd7 46. Kf3
Bc6 47. Bf1 h5 48. g5 fxg5 49. hxg5 exf4 50. Kxf4 Bd7 51. e5 h4 52. Bg2 h3 53.
Bh1 Kg7 54. Bd5 Kg6 55. e6 Be8 56. Be4+ Kh5 57. e7 h2 58. g6 h1=Q 59. Bxh1 Kxg6
60. Ke5 Kf7 61. Kd6 Kf6 62. Bd5 Bg6 63. Bc6 1-0

[Event "Mechanics' Summer TNM; 30/90, SD/30"]
[Site "San Francisco"]
[Date "2009.07.14"]
[Round "8.9"]
[White "Goodall, Michael"]
[Black "Farzaneh-Far, Ramin"]
[Result "1-0"]
[WhiteElo "1800"]
[BlackElo "1921"]
[PlyCount "103"]
[EventDate "2009.??.??"]

1. e4 e5 2. Nf3 Nc6 3. Bb5 a6 4. Ba4 Nf6 5. O-O Be7 6. Re1 b5 7. Bb3 O-O 8. d4
d6 9. h3 Bb7 10. c3 Re8 11. Nbd2 h6 12. Nf1 Bf8 13. Ng3 exd4 14. cxd4 Nb4 15.
a3 Nc6 16. Bd2 Nb8 17. e5 dxe5 18. Nxe5 Bd5 19. Rc1 Bxb3 20. Qxb3 Qd5 21. Qxd5
Nxd5 22. Nf5 a5 23. Ne3 Nxe3 24. Rxe3 Bd6 25. Rb3 f6 26. Nf3 c6 27. d5 $1 a4
28. Re3 Rxe3 29. Bxe3 cxd5 30. Rc8+ Kh7 (30... Kf7 31. Nd4 b4 32. axb4 a3 33.
bxa3 Rxa3 $14) 31. Nd4 Be5 32. Nxb5 Ra5 33. Nd4 Nd7 34. Rd8 Nb6 35. Nc6 Rb5 36.
Nxe5 fxe5 37. Bxb6 Rxb6 38. Rxd5 Rxb2 39. Rxe5 Rb1+ 40. Kh2 Rb3 41. Re3 Kg6 42.
Kg3 Kf5 43. Kf3 h5 44. Ke2 g5 45. Rxb3 axb3 46. Kd3 b2 47. Kc2 Ke4 48. a4 b1=Q+
49. Kxb1 Kd3 50. a5 Ke2 51. a6 Kxf2 52. g4 1-0

[Event "Mechanics' Fall TNM; 30/90, SD/30"]
[Site "San Francisco"]
[Date "2009.10.20"]
[Round "1.23"]
[White "Goodall, Mike"]
[Black "Chamberlain, Ethan"]
[Result "0-1"]
[WhiteElo "1800"]
[BlackElo "1360"]
[PlyCount "98"]
[EventDate "2009.??.??"]

1. e4 c5 2. Nf3 g6 3. d4 cxd4 4. Qxd4 Nf6 5. e5 Nc6 6. Qc3 Nd5 7. Qb3 Nc7 8.
Bc4 e6 9. Bd2 Bg7 10. Qe3 d5 11. Bb3 O-O 12. Bc3 Nb5 13. Nd4 Nbxd4 14. Bxd4
Nxd4 15. Qxd4 Qg5 16. f4 Qxg2 17. Rg1 Qxh2 18. Nd2 Qh4+ 19. Ke2 b6 20. Nf3 Qe7
21. Ng5 h6 22. Nf3 Ba6+ 23. Kd2 Rac8 24. Rae1 Qc5 25. c3 Bc4 26. Rg2 Bxb3 27.
axb3 Qxd4+ 28. Nxd4 Kh7 29. b4 Rh8 30. Ra1 Ra8 31. Nb5 a6 32. Nc7 Ra7 33. Nxa6
b5 34. Ra3 Rha8 35. Nc5 Rxa3 36. bxa3 Rxa3 37. Kd3 Ra7 38. Nb3 f6 39. Re2 fxe5
40. fxe5 Rb7 41. Nd4 Rb6 42. Nf3 g5 43. Kd4 Rc6 44. Rc2 Rc4+ 45. Kd3 g4 46. Nd4
Bxe5 47. Nxb5 Kg6 48. Nd4 Bxd4 49. cxd4 Rxb4 0-1

[Event "Mechanics' Fall TNM; 30/90, SD/30"]
[Site "San Francisco"]
[Date "2009.11.10"]
[Round "4.16"]
[White "Goodall, Mike"]
[Black "Gonda, Thomas"]
[Result "1/2-1/2"]
[WhiteElo "1800"]
[BlackElo "1618"]
[PlyCount "61"]
[EventDate "2009.??.??"]

1. e4 Nc6 2. d4 d5 3. e5 Bf5 4. Nf3 e6 5. c3 f6 6. Bf4 fxe5 7. Nxe5 Nxe5 8.
Bxe5 Nf6 9. Nd2 Bd6 10. Nf3 O-O 11. Be2 Ng4 12. Bxd6 Qxd6 13. h3 Nf6 14. Ne5
Ne4 15. O-O Qe7 16. Bg4 Qh4 17. Bxf5 Rxf5 18. Qg4 Qxg4 19. hxg4 Rf6 20. Rad1 g5
21. f3 Ng3 $2 (21... Nd6 $14) 22. Rfe1 h5 {Diagram #} 23. Rd2 (23. gxh5 Nxh5
24. Kf2 $16 {X weak pawns on g5 and e6.}) 23... Kg7 24. Kf2 $2 (24. gxh5 Nxh5
25. Nd7 $16) 24... Ne4+ 25. Rxe4 dxe4 26. Re2 exf3 27. gxf3 h4 (27... Rh6 $19)
28. Nd7 Rf7 29. Nc5 {Diagram #} Rf6 $2 (29... Rh8 30. Nxe6+ Kf6 $17) 30. Nxe6+
Kg6 31. Re5 $11 {( Rybka evaluates the position as equal).} 1/2-1/2

[Event "Mechanics' Fall TNM; 30/90, SD/30"]
[Site "San Francisco"]
[Date "2009.12.01"]
[Round "7.7"]
[White "Goodall, Mike"]
[Black "Margulis, Igor"]
[Result "0-1"]
[WhiteElo "1800"]
[BlackElo "2100"]
[PlyCount "54"]
[EventDate "2009.??.??"]

1. e4 d5 2. exd5 Nf6 3. Bb5+ Bd7 4. Nc3 Bxb5 5. Nxb5 Nxd5 6. Nf3 g6 7. O-O Bg7
8. d4 a6 9. Nc3 Nxc3 10. bxc3 O-O 11. Rb1 b5 12. Bg5 Nd7 13. Re1 f6 14. Bh4 Nb6
15. Qe2 Nd5 16. c4 bxc4 17. Qxc4 Kh8 18. Bg3 Qd7 19. Rb7 e6 20. Qc5 Rfc8 21. c4
Bf8 22. Qa5 Qc6 23. Rbb1 Qxc4 24. Rbc1 Qb5 25. Qxb5 axb5 26. Rxe6 Rxa2 27. Rec6
b4 0-1

[Event "Mechanics' Wilkerson Mem TNM; 30/90, SD"]
[Site "San Francisco"]
[Date "2009.09.22"]
[Round "8.10"]
[White "Gray, William"]
[Black "Campers, Willie"]
[Result "1-0"]
[WhiteElo "2061"]
[BlackElo "1771"]
[PlyCount "131"]
[EventDate "2009.??.??"]

1. e4 e6 2. d4 d5 3. Nd2 Be7 4. Bd3 Nh6 5. Ne2 f6 6. Nf4 O-O 7. O-O c5 8. dxc5
Bxc5 9. exd5 exd5 10. Qh5 f5 11. Nxd5 Be6 12. Nf4 Bf7 13. Bc4 Qe8 14. Bxf7+
Rxf7 15. Nd3 Bd6 16. Nc4 Bf8 17. Bxh6 gxh6 18. Nce5 Re7 19. Qxf5 Nc6 20. Rae1
Bg7 21. Nxc6 bxc6 22. Rxe7 Qxe7 23. Re1 Qc7 24. Qe6+ Kh8 25. Qe7 Qa5 26. Qf7
Qd8 27. Re7 Qg8 28. Qf3 Qc4 29. Qe2 Rg8 30. a3 Qa2 31. h3 Qd5 32. Qe4 Qh5 33.
Kh2 c5 34. Ne5 Rf8 35. Qd5 Bxe5+ 36. Qxe5+ Qxe5+ 37. Rxe5 Rxf2 38. Rxc5 Rf7 39.
Rc6 Kg7 40. b4 Rd7 41. Kg3 h5 42. a4 Rd4 43. c4 h6 44. a5 Kf7 45. b5 Ke7 46. b6
axb6 47. axb6 Kd7 48. b7 h4+ 49. Kf3 Rd3+ 50. Kg4 Rb3 51. Rxh6 Kc7 52. Rh7+ Kb8
53. Kxh4 Rb4 54. Kg5 Rxc4 55. g4 Rc6 56. h4 Rd6 57. h5 Rc6 58. Rf7 Rc5+ 59. Kg6
Rc6+ 60. Kg7 Rc5 61. h6 Rg5+ 62. Kf6 Rxg4 63. h7 Rh4 64. Rf8+ Kxb7 65. h8=Q
Rxh8 66. Rxh8 {and W went on to win} 1-0

[Event "Mechanics' Winter TNM; 30/90, SD/30"]
[Site "San Francisco"]
[Date "2009.02.17"]
[Round "7.13"]
[White "Gray, William"]
[Black "Dembling, Arthur"]
[Result "1-0"]
[WhiteElo "2081"]
[BlackElo "1714"]
[PlyCount "45"]
[EventDate "2009.??.??"]

1. e4 e6 2. d4 d5 3. Nd2 Be7 4. e5 c5 5. c3 Nc6 6. Bd3 Bd7 7. Ne2 Qb6 8. Nf3
cxd4 9. cxd4 Nb4 10. Bb1 f6 11. O-O Rc8 12. Re1 Nc6 13. Nf4 fxe5 14. Nxe5 Qxd4
15. Qh5+ Kd8 16. Nf7+ Kc7 17. Nxh8 Nf6 18. Qe2 e5 19. Be3 Qb4 20. Nd3 Qb5 21.
Nf7 d4 22. Bg5 h6 23. a4 {1-0 Gray,W-Dembling,A/Winter TNM 2009} 1-0

[Event "Mechanics' Wilkerson Mem TNM; 30/90, SD"]
[Site "San Francisco"]
[Date "2009.09.01"]
[Round "5.12"]
[White "Gray, William"]
[Black "Dembling, Arthur"]
[Result "1/2-1/2"]
[WhiteElo "2061"]
[BlackElo "1733"]
[PlyCount "60"]
[EventDate "2009.??.??"]

1. e4 e6 2. d4 d5 3. Nd2 Be7 4. e5 c5 5. c3 cxd4 6. cxd4 Nc6 7. Qg4 g6 8. Nb3
Qb6 9. h4 h5 10. Qd1 Bb4+ 11. Ke2 Bd7 12. g3 Na5 13. Kf3 Nxb3 14. axb3 Ne7 15.
Bh3 Nf5 16. Bxf5 exf5 17. Bg5 f4 18. Kg2 fxg3 19. fxg3 Bg4 20. Nf3 O-O 21. Bf6
Rfc8 22. Rf1 Rc7 23. Qd3 Bf5 24. Qe3 Rc2+ 25. Rf2 Rac8 26. Raf1 Be4 27. Rxc2
Rxc2+ 28. Rf2 Rxf2+ 29. Kxf2 Qc6 30. Qe2 Qc2 1/2-1/2

[Event "Mechanics' Winter TNM; 30/90, SD/30"]
[Site "San Francisco"]
[Date "2009.02.24"]
[Round "8.9"]
[White "Gray, William"]
[Black "Farzaneh-Far, Ramin"]
[Result "0-1"]
[WhiteElo "2081"]
[BlackElo "1856"]
[PlyCount "60"]
[EventDate "2009.??.??"]

1. e4 e5 2. Nf3 Nc6 3. Bb5 a6 4. Ba4 Nf6 5. O-O Be7 6. Re1 b5 7. Bb3 d6 8. c3
O-O 9. d4 Bg4 10. Be3 d5 11. dxe5 Nxe5 12. exd5 Bd6 13. Na3 Nh5 14. Nc2 Bxf3
15. gxf3 Qh4 16. Kf1 Qh3+ 17. Ke2 Nxf3 18. Rh1 Rae8 19. Qf1 Qg4 20. h3 Nf4+ 21.
Kd1 Qh5 22. Kc1 Qf5 23. a3 Nd3+ 24. Kb1 Nc5 25. Ka2 Nxb3 26. Kxb3 Qxd5+ 27. c4
bxc4+ 28. Ka2 c3+ 29. b3 Rxe3 30. Rd1 Nd2 0-1

[Event "Mechanics' Summer TNM; 30/90, SD/30"]
[Site "San Francisco"]
[Date "2009.06.25"]
[Round "5.10"]
[White "Gray, William"]
[Black "Gurtovoy, Jason"]
[Result "1-0"]
[WhiteElo "2057"]
[BlackElo "1845"]
[PlyCount "59"]
[EventDate "2009.??.??"]

1. e4 e5 2. Nf3 Nc6 3. Bb5 Nf6 4. O-O a6 5. Bxc6 dxc6 6. Nxe5 Bc5 7. c3 Nxe4 8.
Qe2 Qd5 9. d4 Be7 10. Re1 Nf6 11. Ng6 Be6 12. Nxh8 O-O-O 13. Qe4 Rxh8 14. Qxd5
cxd5 15. Bf4 h6 16. Nd2 g5 17. Be5 Rg8 18. Bxf6 Bxf6 19. Nf3 h5 20. Ne5 Bd8 21.
f3 g4 22. Kf2 Bh4+ 23. g3 Bd8 24. fxg4 hxg4 25. Kg2 f6 26. Nc6 Bf5 27. Nxd8
Kxd8 28. Kf2 Be4 29. Ke3 Bf3 30. h4 1-0

[Event "Mechanics' Summer TNM; 30/90, SD/30"]
[Site "San Francisco"]
[Date "2009.07.07"]
[Round "7.3"]
[White "Gray, William"]
[Black "Jones, James"]
[Result "1/2-1/2"]
[WhiteElo "2057"]
[BlackElo "2030"]
[PlyCount "92"]
[EventDate "2009.??.??"]

1. e4 Nf6 2. e5 Ng8 3. d4 d6 4. Bc4 dxe5 5. Nf3 Nf6 6. Nxe5 e6 7. O-O Be7 8.
Nc3 O-O 9. Bg5 c5 10. dxc5 Qc7 11. Re1 Qxc5 12. Qf3 Nbd7 13. Nxd7 Bxd7 14. Bxf6
Bxf6 15. Ne4 Qxc4 16. Nxf6+ gxf6 17. Re4 Qxe4 18. Qxe4 Bc6 19. Qg4+ Kh8 20. Qd4
Kg7 21. Rd1 Rg8 22. Rd3 Kf8 23. Rg3 Rxg3 24. hxg3 Ke7 25. f3 a6 26. Kf2 Rd8 27.
Qb4+ Ke8 28. Ke3 Rd1 29. Qh4 Re1+ 30. Kd2 Rg1 31. Qxf6 Rxg2+ 32. Kd3 Rxg3 33.
Qh8+ Ke7 34. Qxh7 Rxf3+ 35. Kd4 Rf4+ 36. Kc5 e5 37. Qh8 Rf6 38. Qh4 e4 39. Kd4
Ke6 40. Qg4+ Rf5 41. Qh3 Kf6 42. Qh6+ Ke7 43. Qh4+ Ke6 44. Qh3 Kf6 45. Qh6+ Ke7
46. Qh3 Ke6 1/2-1/2

[Event "Mechanics' Summer TNM; 30/90, SD/30"]
[Site "San Francisco"]
[Date "2009.06.09"]
[Round "3.11"]
[White "Gray, William"]
[Black "Leavens, Weston"]
[Result "1/2-1/2"]
[WhiteElo "2057"]
[BlackElo "1782"]
[PlyCount "79"]
[EventDate "2009.??.??"]

1. e4 e6 2. c4 c5 3. Nc3 Nc6 4. Nf3 Nf6 5. a3 d5 6. e5 Ng4 7. cxd5 exd5 8. Bb5
a6 9. Bxc6+ bxc6 10. d4 Qb6 11. Na4 Qa7 12. Nxc5 Bxc5 13. dxc5 Qxc5 14. O-O f6
15. h3 Nxe5 16. Nxe5 fxe5 17. Qh5+ Kf8 18. Qxe5 Qe7 19. Qc3 Qf6 20. Qg3 h6 21.
Re1 Bf5 22. Bf4 Kg8 23. Rac1 Rc8 24. Rc3 Kh7 25. Be5 Qg6 26. Qf4 Rhg8 27. Rg3
Qf7 28. Bd6 Rce8 29. Rge3 Bg6 30. Qb4 Rxe3 31. Rxe3 Re8 32. Be5 Be4 33. Bd4 Rf8
34. Qe1 Re8 35. Rg3 Bg6 36. Qc3 Qd7 37. h4 Re7 38. b4 h5 39. Rg5 Qe6 40. Kh2 {
drawn in 49 moves. Remaining moves indecipherable.} 1/2-1/2

[Event "Mechanics' Wilkerson Mem TNM; 30/90, SD"]
[Site "San Francisco"]
[Date "2009.08.11"]
[Round "2.7"]
[White "Gray, William"]
[Black "Manvelyan, Hovik"]
[Result "0-1"]
[WhiteElo "2061"]
[BlackElo "1951"]
[PlyCount "112"]
[EventDate "2009.??.??"]

1. e4 e6 2. d4 d5 3. Nd2 c5 4. Ngf3 cxd4 5. exd5 Qxd5 6. Bc4 Qd6 7. O-O Nf6 8.
Nb3 Nc6 9. Nbxd4 Nxd4 10. Nxd4 Qc7 11. b3 a6 12. Qf3 Bd6 13. Bg5 Bxh2+ 14. Kh1
Be5 15. Rad1 O-O 16. Qe2 b5 17. Nf3 Bf4 18. Bxf6 gxf6 19. Bd3 Qc5 20. Qe4 Qh5+
21. Kg1 e5 22. g3 Bg4 23. Be2 f5 24. Qd5 e4 25. Nd4 Bxe2 26. Nxe2 Qxe2 27. gxf4
Qg4+ 28. Kh2 Qxf4+ 29. Kg2 Qg4+ 30. Kh2 Qh4+ 31. Kg2 Kh8 32. Qd4+ f6 33. Rg1
Rg8+ 34. Kf1 Rxg1+ 35. Kxg1 Rg8+ 36. Kf1 Qh1+ 37. Ke2 Qf3+ 38. Kf1 Qg2+ 39. Ke2
Qg6 40. Kd2 f4 41. Kc1 Re8 42. Qd2 e3 43. fxe3 fxe3 44. Qe2 Qe4 45. Rd7 Qe5 46.
Kb1 Rg8 47. Rd1 f5 48. Rh1 f4 49. Qh2 Qf5 50. Qe2 Qe4 51. Qe1 Rc8 52. Rh2 f3
53. Qc1 e2 54. Qb2+ Kg8 55. Qf6 e1=Q+ 56. Kb2 Qe5+ 0-1

[Event "Mechanics' Winter TNM; 30/90, SD/30"]
[Site "San Francisco"]
[Date "2009.01.13"]
[Round "2.10"]
[White "Gray, William"]
[Black "Newey, Richard"]
[Result "1/2-1/2"]
[WhiteElo "2081"]
[BlackElo "1690"]
[PlyCount "117"]
[EventDate "2009.??.??"]

1. e4 c5 2. Nf3 e6 3. d4 cxd4 4. Nxd4 a6 5. Bd3 Qc7 6. O-O Nf6 7. Nc3 Bb4 8.
Be3 Bxc3 9. bxc3 d5 10. exd5 Nxd5 11. Qg4 f5 12. Qe2 Nxc3 13. Qe1 O-O 14. Bd2
Ne4 15. Bxe4 fxe4 16. Qxe4 e5 17. Nf3 Nc6 18. Bc3 Bf5 19. Qc4+ Kh8 20. Nxe5
Rac8 21. Nxc6 Qxc6 22. Qxc6 Rxc6 23. Bb4 Rfc8 24. c3 b6 25. Rac1 a5 26. Be7 Kg8
27. Rfd1 Kf7 28. Bd8 a4 29. h3 Be6 30. a3 b5 31. Ba5 Re8 32. Re1 Bc4 33. f3
Rce6 34. Rxe6 Rxe6 35. Rc2 Rd6 36. Kf2 Rd1 37. Bb6 Ke6 38. Be3 Kd5 39. g4 Ke6
40. Bc5 Kd5 41. Bf8 g6 42. Ke3 Bb3 43. Rd2+ Rxd2 44. Kxd2 Ke5 45. Ke3 Bc4 46.
h4 Ke6 47. Kf4 Be2 48. h5 gxh5 49. gxh5 Kf6 50. Ke4 Kf7 51. Bc5 Kg7 52. Be3 Kf6
53. h6 Ke6 54. f4 Bd1 55. Bd4 Bc2+ 56. Ke3 Kf5 57. Bg7 Bb3 58. Bf8 Bc4 59. Bg7
1/2-1/2

[Event "Mechanics' Spring TNM; 30/90, SD/30"]
[Site "San Francisco"]
[Date "2009.03.17"]
[Round "2"]
[White "Gray, William"]
[Black "Royzen, Igor"]
[Result "1-0"]
[WhiteElo "2081"]
[BlackElo "1722"]
[PlyCount "93"]
[EventDate "2009.??.??"]

1. e4 c5 2. Nf3 g6 3. Nc3 Bg7 4. Bc4 Nc6 5. O-O e6 6. d4 cxd4 7. Nb5 d5 8. exd5
exd5 9. Bxd5 Nge7 10. Re1 O-O 11. Bb3 a6 12. Na3 b5 13. Bg5 h6 14. Bh4 g5 15.
Bg3 Nf5 16. Ne5 Bb7 17. Nxc6 Bxc6 18. Qd3 Nxg3 19. fxg3 Re8 20. Qg6 Qd7 21.
Rxe8+ Rxe8 22. Rf1 Re7 23. Nb1 Bd5 24. Qh5 Bxb3 25. axb3 Qe8 26. Nd2 Re1 27.
Qf3 Qe3+ 28. Qxe3 Rxe3 29. Kf2 Kf8 30. Nf3 Re6 31. Rd1 Re4 32. Ne1 Re6 33. Nd3
Ke8 34. Ne1 Re4 35. Rd2 f5 36. Re2 Kd7 37. Nd3 Rxe2+ 38. Kxe2 Kd6 39. Nf2 Kd5
40. Kd3 g4 41. Ke2 h5 42. Nd3 Bh6 43. Nb4+ Ke4 44. Nxa6 Bc1 45. Nc7 b4 46. Na6
Bxb2 47. Nxb4 {and White soon won.} 1-0

[Event "Mechanics' Spring TNM; 30/90, SD/30"]
[Site "San Francisco"]
[Date "2009.04.14"]
[Round "5.1"]
[White "Gray, William"]
[Black "Shakhnazarov, Oleg"]
[Result "0-1"]
[WhiteElo "2081"]
[BlackElo "2178"]
[PlyCount "88"]
[EventDate "2009.??.??"]

1. e4 e6 2. d4 Be7 3. Nc3 d6 4. Nf3 Nd7 5. h3 h6 6. Be3 a6 7. Bd3 Bf6 8. Qd2 b5
9. e5 dxe5 10. Be4 Rb8 11. dxe5 Nxe5 12. Qxd8+ Kxd8 13. Ba7 Rb6 14. Bxb6 cxb6
15. O-O-O+ Kc7 16. Nxe5 Bxe5 17. Rd3 Nf6 18. Rhd1 Bxc3 19. Rxc3+ Kb8 20. Bf3
Bb7 21. Rd6 Bxf3 22. Rxf3 Kc7 23. Rd4 Rf8 24. b3 a5 25. a3 Nd5 26. Rg4 g5 27.
Re4 Kd6 28. Rd3 f5 29. Re1 b4 30. Kb2 Rc8 31. axb4 axb4 32. g3 e5 33. Red1 Rc5
34. Ra1 e4 35. Rd4 b5 36. Ra8 Ke5 37. Rd2 Kf6 38. Ra7 Ke5 39. Ra8 h5 40. Re8+
Kf6 41. Rd8 Ke6 42. Re8+ Kf6 43. Rh8 f4 44. Rxh5 e3 {
and Black won later during mutual time pressure.} 0-1

[Event "Mechanics' Fall TNM; 30/90, SD/30"]
[Site "San Francisco"]
[Date "2009.11.10"]
[Round "4.9"]
[White "Grey, Peter"]
[Black "Askin, David"]
[Result "1/2-1/2"]
[WhiteElo "2007"]
[BlackElo "1749"]
[PlyCount "117"]
[EventDate "2009.??.??"]

1. e4 c6 2. d4 d5 3. Nc3 dxe4 4. Nxe4 Nd7 5. Bc4 Ngf6 6. Ng5 e6 7. Qe2 Nb6 8.
Bd3 h6 9. N5f3 c5 10. dxc5 Bxc5 11. Ne5 O-O 12. Ngf3 Nbd7 13. O-O Nxe5 14. Nxe5
Bd6 15. Bf4 Qc7 16. Bg3 b6 17. Ng4 Nxg4 18. Bxd6 Qxd6 19. Qxg4 Bb7 20. Rad1 Qe5
21. c3 Rfd8 22. Rfe1 Qf6 23. Be4 Rxd1 24. Rxd1 Bxe4 25. Qxe4 Rd8 26. Qe2 Rxd1+
27. Qxd1 Qg5 28. g3 Qb5 29. b3 Qa5 30. Qd8+ Kh7 31. Qd3+ Kg8 32. a4 Qe5 33. Kg2
g6 34. b4 h5 35. h4 Kg7 36. f4 Qc7 37. Qd4+ Kg8 38. Kf2 Qb7 39. a5 bxa5 40.
Qd8+ Kg7 41. Qxa5 Qd7 42. Qe5+ Kg8 43. Ke3 Qb7 44. Qe4 Qb6+ 45. Qd4 Qb7 46. Kf2
Qa6 47. Qd8+ Kg7 48. Qa5 Qb7 49. c4 Qd7 50. Qe5+ Kg8 51. Ke3 Qd1 52. Qc3 Qg1+
53. Kd2 Qf2+ 54. Kc1 Kf8 55. c5 Qg1+ 56. Kb2 Qg2+ 57. Kb3 Qd5+ 58. Ka3 Qc6 59.
Qe5 1/2-1/2

[Event "Mechanics' Spring TNM; 30/90, SD/30"]
[Site "San Francisco"]
[Date "2009.03.17"]
[Round "2.13"]
[White "Grey, Peter"]
[Black "Bertot, German"]
[Result "1-0"]
[WhiteElo "2000"]
[BlackElo "1561"]
[PlyCount "87"]
[EventDate "2009.??.??"]

1. e4 e5 2. Nf3 Nc6 3. Bb5 a6 4. Ba4 Bc5 5. c3 d6 6. d4 exd4 7. cxd4 Bb4+ 8.
Nc3 Bd7 9. O-O Nf6 10. Qd3 h6 11. Bb3 O-O 12. e5 dxe5 13. dxe5 Bxc3 14. Qxc3
Ne4 15. Qe3 Bf5 16. Qf4 Bg6 17. Be3 Qe7 18. Rac1 Rad8 19. Bc2 Ng5 20. Nxg5 Bxc2
21. Rxc2 Qxe5 22. Qxe5 Nxe5 23. Ne4 c6 24. Nc5 Ng4 25. Nxb7 Nxe3 26. fxe3 Rd7
27. Na5 Re8 28. Nc4 Re4 29. Rf4 Rd1+ 30. Kf2 Re6 31. Rd2 Rc1 32. Nd6 f6 33. Re4
Rxe4 34. Nxe4 Kf7 35. Ke2 Rh1 36. h3 Rg1 37. Kd3 Rc1 38. Nc3 Rf1 39. Kc4 Rf5
40. e4 Rg5 41. b4 Ke6 42. Na4 Ke5 43. Nc5 Kf4 44. Ne6+ 1-0

[Event "Mechanics' Winter TNM; 30/90, SD/30"]
[Site "San Francisco"]
[Date "2009.01.27"]
[Round "4.13"]
[White "Grey, Peter"]
[Black "Campers, Willie"]
[Result "1/2-1/2"]
[WhiteElo "2000"]
[BlackElo "1709"]
[PlyCount "124"]
[EventDate "2009.??.??"]

1. d4 d5 2. c4 c6 3. Nf3 Nf6 4. Nc3 a6 5. e3 Bg4 6. Be2 e6 7. Ne5 Bxe2 8. Qxe2
Be7 9. O-O O-O 10. b3 Ne8 11. Bb2 f6 12. Nf3 Nd6 13. e4 Re8 14. exd5 exd5 15.
cxd5 Bf8 16. Qd3 Nf7 17. Rad1 cxd5 18. Qf5 Nc6 19. Qxd5 Qxd5 20. Nxd5 Re2 21.
Rb1 Rd8 22. Nf4 Rc2 23. Rfc1 Rxc1+ 24. Rxc1 Bd6 25. Nd3 Ne7 26. g3 Nh6 27. Kg2
Kf7 28. Nc5 Bxc5 29. dxc5 Nc6 30. Bc3 Nf5 31. b4 g5 32. g4 Nfe7 33. a4 Ng6 34.
b5 axb5 35. axb5 Nf4+ 36. Kf1 Ne7 37. Bd2 Ne6 38. Be3 Rd3 39. c6 bxc6 40. bxc6
Nd5 41. Ke2 Ra3 42. Nd4 Nxd4+ 43. Bxd4 Ra8 44. Kf3 Ke6 45. Ke4 Rc8 46. Rc5 Ne7
47. c7 Kd6 48. Bxf6 Kxc5 49. Bxe7+ Kc6 50. Bxg5 Rxc7 51. f4 Kd7 52. Kf5 Ke8 53.
Bf6 Kf7 54. g5 Rc5+ 55. Kg4 Kg6 56. Be5 Rc4 57. h4 h5+ 58. gxh6 Kxh6 59. Kf5
Kh5 60. Bf6 Rc5+ 61. Ke6 Rb5 62. Bg5 Ra5 1/2-1/2

[Event "Mechanics' Fall TNM; 30/90, SD/30"]
[Site "San Francisco"]
[Date "2009.10.27"]
[Round "2.11"]
[White "Grey, Peter"]
[Black "Durig, Alex"]
[Result "1-0"]
[WhiteElo "2007"]
[BlackElo "1342"]
[PlyCount "65"]
[EventDate "2009.??.??"]

1. e4 c5 2. Nf3 Nc6 3. d4 cxd4 4. Nxd4 Nf6 5. Nc3 e5 6. Ndb5 Bb4 7. a3 Bxc3+ 8.
Nxc3 O-O 9. Be3 b6 10. Be2 Bb7 11. Qd2 Ne7 12. Bf3 d5 13. exd5 Nexd5 14. O-O-O
Re8 15. Nxd5 Bxd5 16. Bxd5 Nxd5 17. Qxd5 Qc7 18. Qb3 Re6 19. Rd5 Rd8 20. Rhd1
Red6 21. Rxd6 Rxd6 22. Rxd6 Qxd6 23. Qc4 h5 24. Qc8+ Kh7 25. Qf5+ Qg6 26. Qxg6+
Kxg6 27. Kd2 Kf6 28. c4 Ke6 29. f3 Kd7 30. g4 h4 31. Kd3 f6 32. Ke4 g6 33. g5
1-0

[Event "Mechanics' Fall TNM; 30/90, SD/30"]
[Site "San Francisco"]
[Date "2009.12.08"]
[Round "8.9"]
[White "Grey, Peter"]
[Black "Gaffagan, Steven"]
[Result "0-1"]
[WhiteElo "2007"]
[BlackElo "2015"]
[PlyCount "62"]
[EventDate "2009.??.??"]

1. e4 c5 2. Nf3 e6 3. d4 cxd4 4. Nxd4 a6 5. Nc3 Qc7 6. Bd3 Nf6 7. O-O Bc5 8.
Nb3 Be7 9. Qe2 d6 10. f4 Nc6 11. Be3 O-O 12. g4 Nd7 13. g5 b5 14. Qh5 g6 15.
Qh3 Re8 16. f5 Nc5 17. fxg6 fxg6 18. Rf7 h5 19. gxh6 Kxf7 20. h7 Kg7 21. Qh6+
Kh8 22. Qxg6 Bb7 23. Bh6 Rg8 24. hxg8=Q+ Rxg8 25. Qxg8+ Kxg8 26. Kf2 Nxd3+ 27.
cxd3 Kh7 28. Be3 b4 29. Ne2 Ne5 30. Nf4 Ng4+ 31. Kf3 Nxe3 0-1